Essays on philosophy and logic : proceedings of the XXXth Conference on the History of Logic, dedicated to Roman Suszko, Cracow, October 19-21, 1984 /
Guardado en:
| Autor Corporativo: | |
|---|---|
| Otros Autores: | , |
| Formato: | Libro |
| Idioma: | English |
| Publicado: |
Cracow :
Jagiellonian University Press,
1987.
|
| Edición: | Wyd. 1. |
| Series: | Varia (Uniwersytet Jagiellonski) ;
t. 235. |
| Materias: | |
| Etiquetas: |
Agregar Etiqueta
Sin Etiquetas, Sea el primero en etiquetar este registro!
|
| LEADER | 01191nam a2200301 a 4500 | ||
|---|---|---|---|
| 001 | MAT.inmabb006143 | ||
| 008 | 880415s1987####pl#######b####110#0#eng#d | ||
| 005 | 20170623145638.0 | ||
| 245 | 1 | 0 | |a Essays on philosophy and logic : |b proceedings of the XXXth Conference on the History of Logic, dedicated to Roman Suszko, Cracow, October 19-21, 1984 / |c edited by Jerzy Perzanowski. |
| 250 | |a Wyd. 1. | ||
| 260 | |a Cracow : |b Jagiellonian University Press, |c 1987. | ||
| 300 | |a 217 p. ; |c 24 cm. | ||
| 490 | 1 | |a Varia ; |v t. 235 | |
| 504 | |a A bibliography of the published work of Roman Suszko": p. [203]-217. | ||
| 504 | |a Incluye referencias bibliográficas. | ||
| 510 | 4 | |a MR, |c 88j:03002 | |
| 020 | |a 8323301980 | ||
| 111 | 2 | |a Conference on the History of Logic |n (30th : |d 1984 : |c Kraków, Poland) | |
| 700 | 1 | |a Perzanowski, Jerzy. | |
| 700 | 1 | |a Suszko, Roman. | |
| 830 | 0 | |a Varia (Uniwersytet Jagiellonski) ; |v t. 235. | |
| 650 | 0 | |a Logic |x History |x Congresses. | |
| 600 | 1 | 0 | |a Suszko, Roman |x Congresses. |
| 650 | 0 | |a Philosophy |x History |x Congresses. | |
| 084 | |a 03-06 (01-06 03-03 03A05) |2 MR | ||
| 010 | |a 88131651 | ||
| 040 | |a WaU |c DLC |d DLC | ||
| 859 | |h 03 |i C748-30 |p A-6962 |b BIB. MATEMATICA | ||
